K problematike výučby odbornej taliančiny ako tretí cudzí jazyk na Ekonomickej univerzite v Bratislave

Vyučovania ekonomickej taliančiny na Ekonomickej univerzite v Bratislave. Štúdium talianskeho jazyka ako tretieho povinne volitelného jazyka. Efektívna výučba základov odbornej taliančiny.

Salvato in:
Dettagli Bibliografici
Autore principale: Smoleňová, Elena, 1974-
Natura: Capitolo di libro
Lingua:slovacco
Soggetti:
Tags: Aggiungi Tag
Nessun Tag, puoi essere il primo ad aggiungerne!!

MARC

LEADER 00000nla$a2200000$$$4500
001 0105188
005 20240502072146.4
041 0 |a slo 
044 |a SK 
245 1 0 |a K problematike výučby odbornej taliančiny ako tretí cudzí jazyk na Ekonomickej univerzite v Bratislave  |c Elena Smoleňová 
520 |a Vyučovania ekonomickej taliančiny na Ekonomickej univerzite v Bratislave. Štúdium talianskeho jazyka ako tretieho povinne volitelného jazyka. Efektívna výučba základov odbornej taliančiny. 
610 2 0 |a jazyky cudzie 
610 2 0 |a taliančina 
610 2 0 |a ekonómia 
610 2 0 |a vyučovanie 
100 1 |a Smoleňová, Elena, 1974-